| 000 | 00700nam a2200181 i 4500 | ||
|---|---|---|---|
| 001 | 151859 | ||
| 003 | ES-MaACL | ||
| 005 | 20250717033500.0 | ||
| 008 | 030228s1898 sp |||| | spa d | ||
| 040 |
_aCCPB | B _bspa _cCCPB | B |
||
| 100 | 1 |
_aBenito y Endara, Lorenzo, _d1855-1932 _927698 |
|
| 245 | 1 | 0 |
_aLegislación española sobre la correspondencia en materia civil y comercial / _cpor Lorenzo Benito. |
| 260 |
_aMadrid : _bHijos de Reus, editores, _c1898. |
||
| 300 |
_a69 p. ; _c22 cm. |
||
| 650 | 0 |
_aCorreos- _xDerecho y legislación _9241310 |
|
| 852 |
_aES-MaACL _jT-796-F-3 _z-- Enc. hol., conservando la cub. original _z-- Enc. en un vol. facticio |
||
| 999 |
_c151859 _d151859 |
||